000 00832nam a2200253 a 4500
001 BRCA_7499
005 20190320205848.0
008 300413s1915----gw-a######---#000-0#ger-#
041 _ager
044 _agw
050 4 _aN6260
_b.D54 1915
100 1 _aDiez, Ernst
_d1878-1961
_918472
245 1 0 _aDie Kunst der islamischen völker
_cvon Ernst Diez ; begründet von Fritz Burger ; herausgegeben von A. E. Brinckmann.
260 _aAemania
_bAkademische Verlagsgesellschaft Athenaion
_c1915
300 _axxii, 218 p.
_bil. (algunas a color), 5 láminas
_c29 cm.
440 0 _aHandbuch der Kunstwissenschaft
_918473
500 _aR29
504 _aBibliografía p. 205-206
650 1 4 _aArte islámico
_91975
700 1 _aBurger, Fritz
_918474
700 1 _aBrinckmann, A. E.
_eed.
_918475
902 _aGFM
942 _2lcc
_cB
999 _c7174
_d7174